00886 2200277 4500001002100000005001700021008004100038020002200079035002400101040001200125082002000137090002400157100002000181245014300201260005600344300003200400500001100432504003000443650003600473700002000509700001900529850001200548990001600560990001600576990001600592YOGYA-1012000000034320121030145337.0 ind  a978-979-91-0144-0 0010-101200000000343 aYOPDYOG 2[22]a958.924 2 aCoE 958.924 2 GUI b aGUILLOT, CLAUDE aBanten sejarah dan peradaban abad X - XVII /cClaude Guillot; penerjemah, Hendra Setiawan ... [et al.]; penyunting terjemah Daniel Perret. aJakarta : KPG (Kepustakaan Populer Gramedia),c2008 a430 hlm. :bilus. ;c24 cm. aIndeks aBibliografi : hlm 399-413 aBanten -xSejarah dan peradaban aHendra Setiawan aPerret, Daniel aYOPDYOG a206-PD/A.12 a204-PD/A.12 a205-PD/A.12